| 000 | 00740cam a22002171 4500 | ||
|---|---|---|---|
| 001 | war22000096 | ||
| 003 | DLC | ||
| 005 | 20260227112812.0 | ||
| 008 | 770511s1922 fr 000 0 fre c | ||
| 010 | _awar22000096 | ||
| 035 | _a(OCoLC)2955053 | ||
| 040 |
_aU.S. Army War College _cNSyU _dDLC |
||
| 050 | 0 | 0 |
_aD531 _b.D75 |
| 100 | 1 | _aDupont, Charles Joseph. | |
| 245 | 1 | 3 |
_aLe haut commandement allemand en 1914 _b(du point de vue allemand) _cPréface du maréchal Joffre. |
| 260 |
_aParis, _bChapelot, _c1922. |
||
| 300 |
_a4 p. l., 111 p., 2 l. _b1 illus., double map. _c23 cm. |
||
| 500 | _aAt head of title: Général Dupont. | ||
| 650 | 0 |
_aWorld War, 1914-1918 _xCampaigns _zWestern Front. |
|
| 610 | 1 | 0 |
_aPrussia. _bGrosser generalstab. |
| 999 |
_c92387 _d92387 |
||